| 000 | 00623cam a22001814a 4500 | ||
|---|---|---|---|
| 020 | _a2845863101 | ||
| 040 | _cDLC | ||
| 082 | 0 | 0 | _a338 KAR 2002 A012 Co. |
| 245 | 0 | 0 |
_aBiens publics mondiaux et coopération internationale : _bnouvelle stratégie pour de nouveaux enjeux / |
| 260 |
_aParis : _bKarthala, _c2002. |
||
| 300 |
_a327 p. ; _c22 cm. |
||
| 500 | _a"Actes du séminaire organisé les 3, 4 et 5 septembre 2001 à Sèvres"--P. opp. t.p. | ||
| 650 | 0 | _aBasic needs | |
| 650 | 0 | _aEconomic assistance | |
| 650 | 0 | _aSocial justice | |
| 710 | 2 | _aHaut Conseil de la coopération internationale (France). | |
| 942 | _cFB | ||
| 999 |
_c14002 _d14002 |
||